<?xml version="1.0" encoding="UTF-8"?><?xml-stylesheet type="text/xsl" href="static/style.xsl"?><OAI-PMH xmlns="http://www.openarchives.org/OAI/2.0/" xmlns:xsi="http://www.w3.org/2001/XMLSchema-instance" xsi:schemaLocation="http://www.openarchives.org/OAI/2.0/ http://www.openarchives.org/OAI/2.0/OAI-PMH.xsd"><responseDate>2026-04-14T07:28:54Z</responseDate><request verb="GetRecord" identifier="oai:www.recercat.cat:20.500.12328/5252" metadataPrefix="marc">https://recercat.cat/oai/request</request><GetRecord><record><header><identifier>oai:recercat.cat:20.500.12328/5252</identifier><datestamp>2026-03-26T19:51:32Z</datestamp><setSpec>com_2072_67741</setSpec><setSpec>col_2072_484352</setSpec></header><metadata><record xmlns="http://www.loc.gov/MARC21/slim" xmlns:dcterms="http://purl.org/dc/terms/" xmlns:xsi="http://www.w3.org/2001/XMLSchema-instance" xmlns:doc="http://www.lyncode.com/xoai" xsi:schemaLocation="http://www.loc.gov/MARC21/slim http://www.loc.gov/standards/marcxml/schema/MARC21slim.xsd">
   <leader>00925njm 22002777a 4500</leader>
   <datafield ind2=" " ind1=" " tag="042">
      <subfield code="a">dc</subfield>
   </datafield>
   <datafield ind2=" " ind1=" " tag="720">
      <subfield code="a">Calderón Jaramillo, Mariana</subfield>
      <subfield code="e">author</subfield>
   </datafield>
   <datafield ind2=" " ind1=" " tag="720">
      <subfield code="a">Spijker, Jeroen</subfield>
      <subfield code="e">author</subfield>
   </datafield>
   <datafield ind2=" " ind1=" " tag="720">
      <subfield code="a">Rentería, Elisenda</subfield>
      <subfield code="e">author</subfield>
   </datafield>
   <datafield ind2=" " ind1=" " tag="720">
      <subfield code="a">Correia Alves, Luciana</subfield>
      <subfield code="e">author</subfield>
   </datafield>
   <datafield ind2=" " ind1=" " tag="260">
      <subfield code="c">2026-01-13</subfield>
   </datafield>
   <datafield ind2=" " ind1=" " tag="520">
      <subfield code="a">Unprecedented gains in life expectancy call for a nuanced understanding of&#xd;
morbidity and its consequences on social care needs. Despite the observed&#xd;
worldwide gender gap in life expectancy and healthy life expectancy, we still do not&#xd;
know how these longer years women are living are affected by social care needs,&#xd;
nor whether there are cross-country differences in this regard. This study measures&#xd;
the Years of Life Expectancy with Care Needs that individuals are expected to live at&#xd;
age 60, combining (multi)morbidity and social care needs states. By decomposing&#xd;
the gender gap in life expectancy without care needs across five Ibero-American&#xd;
countries (Brazil, Colombia, Mexico, Portugal, and Spain), it also explains the&#xd;
differences between men and women in this regard. Results reinforce the healthsurvival paradox, with women living longer lives and more years in states of&#xd;
multimorbidity and social care needs than men. They also show that in all countries&#xd;
but Spain, the gender gap in years without care needs implies that men are living,&#xd;
on average, longer years than women without healthcare and social care needs. By&#xd;
using an indicator that combines measures of healthcare and social care needs, this&#xd;
study aims to contribute to the evidence required to prepare healthcare systems and&#xd;
social care policies according to ageing populations’ specific dynamics and needs.</subfield>
   </datafield>
   <datafield ind1="8" ind2=" " tag="024">
      <subfield code="a">Calderón-Jaramillo, Mariana; Spijker, Jeroen; Rentería, Elisenda [et al.]. Between curing and caring: years of life expectancy with care needs (YLCN) in IberoAmerican countries. Genus, 2026, 82(1). Disponible en &lt;https://link.springer.com/article/10.1186/s41118-025-00279-8>. Fecha de acceso: 20 mar. 2026. DOI: 10.1186/s41118-025-00279-8</subfield>
   </datafield>
   <datafield ind1="8" ind2=" " tag="024">
      <subfield code="a">0016-6987</subfield>
   </datafield>
   <datafield ind1="8" ind2=" " tag="024">
      <subfield code="a">http://hdl.handle.net/20.500.12328/5252</subfield>
   </datafield>
   <datafield ind1="8" ind2=" " tag="024">
      <subfield code="a">https://doi.org/10.1186/s41118-025-00279-8</subfield>
   </datafield>
   <datafield tag="653" ind2=" " ind1=" ">
      <subfield code="a">Social care needs</subfield>
   </datafield>
   <datafield tag="653" ind2=" " ind1=" ">
      <subfield code="a">Multimorbidity</subfield>
   </datafield>
   <datafield tag="653" ind2=" " ind1=" ">
      <subfield code="a">Healthy life expectancy</subfield>
   </datafield>
   <datafield tag="653" ind2=" " ind1=" ">
      <subfield code="a">Ibero-America</subfield>
   </datafield>
   <datafield tag="653" ind2=" " ind1=" ">
      <subfield code="a">Ageing</subfield>
   </datafield>
   <datafield tag="653" ind2=" " ind1=" ">
      <subfield code="a">Necessitats d'atenció social</subfield>
   </datafield>
   <datafield tag="653" ind2=" " ind1=" ">
      <subfield code="a">Multimorbidesa</subfield>
   </datafield>
   <datafield tag="653" ind2=" " ind1=" ">
      <subfield code="a">Esperança de vida saludable</subfield>
   </datafield>
   <datafield tag="653" ind2=" " ind1=" ">
      <subfield code="a">Ibèroamèrica</subfield>
   </datafield>
   <datafield tag="653" ind2=" " ind1=" ">
      <subfield code="a">Envelliment</subfield>
   </datafield>
   <datafield tag="653" ind2=" " ind1=" ">
      <subfield code="a">Necesidades de asistencia social</subfield>
   </datafield>
   <datafield tag="653" ind2=" " ind1=" ">
      <subfield code="a">Multimorbilidad</subfield>
   </datafield>
   <datafield tag="653" ind2=" " ind1=" ">
      <subfield code="a">Esperanza de vida con buena salud</subfield>
   </datafield>
   <datafield tag="653" ind2=" " ind1=" ">
      <subfield code="a">Iberoamérica</subfield>
   </datafield>
   <datafield tag="653" ind2=" " ind1=" ">
      <subfield code="a">Envejecimiento</subfield>
   </datafield>
   <datafield ind2="0" ind1="0" tag="245">
      <subfield code="a">Between curing and caring: years of life expectancy with care needs (YLCN) in Ibero-American countries</subfield>
   </datafield>
</record></metadata></record></GetRecord></OAI-PMH>